Kainuun maakunnan kuntien vaakunat - Statistics

Yleistilastot
  • Tätä visaa on pelattu 95 kertaa
  • Keskiarvotulos 8 / 10
Vastaustilastot
Kuvavisa Vastaus % Oikein
Kajaani
100%
Kuhmo
95%
Sotkamo
94%
Puolanka
92%
Hyrynsalmi
91%
Suomussalmi
91%
Paltamo
90%
Ristijärvi
88%
Vuolijoki
45%
Kajaanin mlk
43%
Ehtoja vastaavia visoja ei löytynyt
Tulosjakauma
Jokaisen tuloksen saaneiden osuus
Persentiili vastausten määrän mukaan
Tuloshistoriasi
Et ole pelannut tätä visaa